书目信息 |
| 题名: |
徐霞客及其《游记》研究
|
|
| 作者: | 杨载田 著 | |
| 分册: | ||
| 出版信息: | 北京 中国文史出版社 2005.06 |
|
| 页数: | 267页 | |
| 开本: | 21cm | |
| 丛书名: | 当代学者人文论丛 | |
| 单 册: | ||
| 中图分类: | K825.89 | |
| 科图分类: | ||
| 主题词: | ||
| 电子资源: | ||
| ISBN: | 7-5034-1638-6 | |
| 000 | 01028nam 2200265 450 | |
| 001 | 012008609156 | |
| 005 | 20080322144059.57 | |
| 010 | @a7-5034-1638-6@dCNY24.80 | |
| 100 | @a20080314d2005 km y0chiy0120 ea | |
| 101 | 0 | @achi |
| 102 | @aCN@b110000 | |
| 105 | @ay z 000yy | |
| 106 | @ar | |
| 200 | 1 | @a徐霞客及其《游记》研究@Axu xia ke ji qi《you ji》yan jiu@f杨载田著@Fyang zai tian zhu |
| 210 | @a北京@c中国文史出版社@d2005.06 | |
| 215 | @a267页@d21cm | |
| 225 | 2 | @a当代学者人文论丛@Adang dai xue zhe ren wen lun cong |
| 300 | @a湖南省高校重点建设课程项目(湘教通[2003]186号)成果之一湖南省高校教改研究重点项目(湘教通[2001]178号)成果之一 | |
| 330 | @a本书内容包括:徐霞客及其《游记》评价、徐霞客区域旅游线路研究、《楚游日记》与湘南风光资源、徐霞客闽游与福建丹霞地貌风景名胜区等。 | |
| 410 | 0 | @12001 @a当代学者人文论丛 |
| 600 | 0 | @a徐霞客,@Axu xia ke,@f1586-1641@x人物研究 |
| 690 | @aK825.89@v4 | |
| 701 | 0 | @a杨载田@Ayang zai tian@4著 |
| 801 | 0 | @aCN@bQSSK@c20080322 |
| 905 | @b20283529-31@dK825.89@eX823@f3 | |
| 徐霞客及其《游记》研究/杨载田著.-北京:中国文史出版社,2005.06 |
| 267页;21cm.-(当代学者人文论丛) |
| 湖南省高校重点建设课程项目(湘教通[2003]186号)成果之一湖南省高校教改研究重点项目(湘教通[2001]178号)成果之一 |
| ISBN 7-5034-1638-6:CNY24.80 |
| 本书内容包括:徐霞客及其《游记》评价、徐霞客区域旅游线路研究、《楚游日记》与湘南风光资源、徐霞客闽游与福建丹霞地貌风景名胜区等。 |
| ● |
| 相关链接 |
|
|
|
正题名:徐霞客及其《游记》研究
索取号:K825.89/X823
 
预约/预借
| 序号 | 登录号 | 条形码 | 馆藏地/架位号 | 状态 | 备注 |
| 1 | 283529 | 202835290 | 社科库309/309社科库 55排3列1层/ [索取号:K825.89/X823] | 在馆 | |
| 2 | 283530 | 202835307 | 社科库309/309社科库 55排3列1层/ [索取号:K825.89/X823] | 在馆 | |
| 3 | 283531 | 202835316 | 社科库309/309社科库 55排3列1层/ [索取号:K825.89/X823] | 在馆 |